The concise oxford dictionary of french literature

Shranjeno v:
Bibliografske podrobnosti
Glavni avtor: Reid, Joyce M. H.
Format: Knjiga
Jezik:Undetermined
Izdano: Londres, Inglaterra Oxford University Press 1976
Teme:
Oznake: Označite
Brez oznak, prvi označite!

MARC

LEADER 00000nam a2200000Ia 4500
008 170316s9999 xx 000 0 und d
040 |a cru BVZT 
090 |a R-413 R-2c ING 
100 |a Reid, Joyce M. H. 
245 4 |a The concise oxford dictionary of french literature  |c Joyce M. H., editor 
260 |a Londres, Inglaterra 
260 |b Oxford University Press 
260 |c 1976 
300 |a 669 páginas 
650 0 |a REFERENCIA  |9 27 
650 0 |a DICCIONARIO  |9 28 
650 0 |a  INGLÉS  |9 70 
650 0 |a LITERATURA FRANCESA  |9 109 
942 |c REF  |2 z 
999 |c 14705  |d 14705